LEADER 03919nam 22006612 450 001 9910783192703321 005 20151005020621.0 010 $a1-107-11908-1 010 $a1-280-42117-7 010 $a0-511-17417-9 010 $a0-511-01769-3 010 $a0-511-15380-5 010 $a0-511-32807-9 010 $a0-511-49225-1 010 $a0-511-04939-0 035 $a(CKB)1000000000006785 035 $a(EBL)202330 035 $a(OCoLC)475917644 035 $a(UkCbUP)CR9780511492259 035 $a(MiAaPQ)EBC202330 035 $a(Au-PeEL)EBL202330 035 $a(CaPaEBR)ebr10001849 035 $a(CaONFJC)MIL42117 035 $a(EXLCZ)991000000000006785 100 $a20090302d2000|||| uy| 0 101 0 $aeng 135 $aur||||||||||| 181 $ctxt$2rdacontent 182 $cc$2rdamedia 183 $acr$2rdacarrier 200 10$aReligious minorities in Iran /$fEliz Sanasarian$b[electronic resource] 210 1$aCambridge :$cCambridge University Press,$d2000. 215 $a1 online resource (xix, 228 pages) $cdigital, PDF file(s) 225 1 $aCambridge Middle East studies ;$v13 300 $aTitle from publisher's bibliographic system (viewed on 05 Oct 2015). 311 $a0-521-02974-0 311 $a0-521-77073-4 320 $aIncludes bibliographical references (p. 209-224) and index. 327 $tIntroduction: an overview of politics and society --$g1.$tEthnic anatomy and politics of non-Muslim minorities.$tThe Armenians.$tThe Assyrians and Chaldeans.$tMissionary activities.$tThe Jews.$tThe Zoroastrians.$tThe Bahais.$tComparative dynamics --$g2.$tThe Assembly of Experts: debut in the year of destiny.$tInteractions between the non-Muslim and Muslim deputies --$g3.$tPolicy sphere of recognized religious minorities.$tReligion.$tEducation.$tCommunal Life.$tThe first and the second Majlis: 1980-88.$tTwo distinguishing features --$g4.$tDistinctions and designations as policy output.$tThe severity of treatment of the Jews.$tThe persecution of Bahais.$tThe troubled path of nonethnic Christian groups.$tParticularities as the end product.$tLimitations and the legal domain --$g5.$tPrevalent responses of recognized religious minorities.$tSimilar responses.$tResponses unique to each group.$tThe meaning of the response.$tConclusion: the perils of marginality. 330 $aEliz Sanasarian's book explores the political and ideological relationship between non-Muslim religious minorities in Iran and the state during the formative years of the Islamic Republic to the present day. Her analysis is based on a detailed examination of the history and experiences of the Armenians, Assyrians, Chaldeans, Jews, Zoroastrians, Bahais and Iranian Christians, and describes how these communities have responded to state policies regarding minorities. Many of her findings are constructed out of personal interviews with members of these communities. While the book is essentially an empirical study, it also highlights more general questions associated with exclusion and marginalization and the role of the state in defining these boundaries. This is an important and original book which will make a significant contribution to the literature on minorities and to the workings of the Islamic Republic. 410 0$aCambridge Middle East studies ;$v13. 606 $aReligious minorities$zIran 606 $aReligion and state$zIran 606 $aReligious tolerance$zIran 607 $aIran$xPolitics and government$y1979-1997 607 $aIran$xReligion 607 $aIran$xEthnic relations 615 0$aReligious minorities 615 0$aReligion and state 615 0$aReligious tolerance 676 $a305.6/0955 700 $aSanasarian$b Eliz$01570966 801 0$bUkCbUP 801 1$bUkCbUP 906 $aBOOK 912 $a9910783192703321 996 $aReligious minorities in Iran$93844972 997 $aUNINA